Desarrollo Social /
Guardado en:
| Autor Corporativo: | |
|---|---|
| Formato: | Texto |
| Etiquetas: |
Agregar Etiqueta
Sin Etiquetas, Sea el primero en etiquetar este registro!
|
MARC
| LEADER | 00000 a a2200000 04500 | ||
|---|---|---|---|
| 001 | 47850 | ||
| 003 | |||
| 040 | |||
| 110 | |a INCEP | ||
| 245 | |a Desarrollo Social / |c INCEP | ||
| 773 | |g número27, (julio-setiembre, 1992), páginas45-48 | ||
| 999 | |c 32262 |d 32262 | ||
